• 首页
  • 本馆介绍
  • 公告通知
  • 最新文献
  • 馆藏检索
  • 电子资源
  • 读者导购
  • 参考咨询
  • 我的图书馆
  • 登录
  • 详细信息显示
  • 放入我的书架
  • 预约/预借图书
  • 作者相关作品
  • 分类相关作品
  • 丛书相关作品
  • 出版社相关作品

书目信息

  • 表格格式
  • 工作单格式
  • 卡片格式
题名:
简明政治教育辞典
    
 
作者: 赵超凡 , 马泽普 主编
分册:  
出版信息: 天津   天津社会科学院出版社  1991.7
页数: 814页
开本: 19cm
丛书名:
单 册:
中图分类: D0-61
科图分类:
主题词: 政治学--词典
电子资源:
ISBN: 7-80563-125-5
000 00908nam0 2200253 45
001 0192016469
005 20061130081230.82
010    @a7-80563-125-5@b精装@dCNY15.00
100    @a19920528d1991 em y0chiy0121 ea
101 0  @achi
102    @aCN@b120000
105    @ay ez 001yy
200 10 @a简明政治教育辞典@AJIAN MING ZHENG ZHI JIAO YU CI DIAN@f赵超凡,马泽普主编@FZHAO CHAO FAN , MA ZE PU ZHU BIAN
210    @a天津@c天津社会科学院出版社@d1991.7
215    @a814页@d19cm
330    @a本辞典包括无产阶级革命导师的思想、传略、主要著作及哲学、政治经济学、科学社会主义和相关学科等5部分,含21个学科,2094个词目。
517 1  @a政治教育辞典@AZHENG ZHI JIAO YU CI DIAN
540 1  @a政治 教育@AZHENG ZHI JIAO YU
606    @a政治学@x词典
690    @aD0-61@v三版
701  0 @a赵超凡@AZHAO CHAO FAN@4主编
701  0 @a马泽普@AMA ZE PU@4主编
801  0 @aCN@bTSSF@c20061130
905    @a10447@dD0-61@e191
    
    简明政治教育辞典/赵超凡,马泽普主编.-天津:天津社会科学院出版社,1991.7
    814页;19cm
    
    
    ISBN 7-80563-125-5(精装):CNY15.00
    本辞典包括无产阶级革命导师的思想、传略、主要著作及哲学、政治经济学、科学社会主义和相关学科等5部分,含21个学科,2094个词目。
●
相关链接 在E读中查询图书 在五车中查询图书 在当当中查询图书 在豆瓣中查询图书


正题名:简明政治教育辞典     索取号:D0-61/191         预约/预借

序号 登录号 条形码 馆藏地/架位号 状态 备注
1 0418909   204189092   第一样本阅览室/ [索取号:D0-61/191] 在馆    
唐山师范学院图书馆 欢迎您!
大连网信软件有限公司© 版权所有